Statistiques concernant Enfoirés : Artistes ayant fait le plus de concerts

Cliquez ici pour prendre le quiz!

Statistiques générales

  • Ce quiz a été pris 192 fois
  • Le résultat moyen est 6 sur 13

Statistiques - réponses

Nb participationsRéponse% Correct
27Jean-Jacques Goldman
92%
26Mimie Mathy
73%
31Patrick Bruel
72%
25Patrick Fiori
53%
27Zazie
52%
22Michèle Laroque
40%
21Pierre Palmade
40%
28Michael Jones
37%
21Lorie Pester
35%
21Jean-Louis Aubert
31%
22Liane Foly
30%
22Maxime Le Forestier
25%
22MC Solaar
16%

Distribution des résultats

Percentile par nombre de réponses

% des personnes avec chaque résultat

Votre développement - résultats

Vous n’avez pas pris ce quiz